| 000 | 00677nam a2200241 a 4500 | ||
|---|---|---|---|
| 008 | |||
| 020 | _a0814745741 | ||
| 020 | _a081474575X (pbk.) : | ||
| 049 | _aMAIN | ||
| 090 | _aHB71 | ||
| 100 | 1 | _aKatouzian, Homa. | |
| 245 | 1 | 0 |
_aIdeology and method in economics / _cHoma Katouzian. |
| 260 |
_aNew York : _bNew York University Press, _cc1980. |
||
| 300 |
_axiii, 248 p. ; _c22 cm. |
||
| 504 | _aIncludes bibliographical references. | ||
| 500 | _aIncludes index. | ||
| 650 | 0 | _aEconomics. | |
| 907 |
_a.b10078502 _b20-06-03 _c20-06-03 |
||
| 003 | |||
| 005 | 20230123133304.0 | ||
| 040 | _cNUST | ||
| 942 |
_cBOOKS _kHB71 |
||
| 999 |
_c146006 _d146006 |
||